Những nghiên cứu xã hội học về gia đình Việt Nam: T2

Sách tuyển chọn các bài nghiên cứu về gia đình vài vai trò gia đình trong xã hội Việt Nam của 17 học giả xã hội học có tên tuổi.

保存先:
書誌詳細
第一著者: Những nghiên cứu xã hội học về gia đình Việt Nam: T2
フォーマット: 図書
言語:Undetermined
出版事項: Hà Nội KHXH 1996
主題:
タグ: タグ追加
タグなし, このレコードへの初めてのタグを付けませんか!
Thư viện lưu trữ: Trung tâm Học liệu Trường Đại học Cần Thơ
LEADER 00870nam a2200181Ia 4500
001 CTU_19571
008 210402s9999 xx 000 0 und d
082 |a 306.8 
082 |b Nh556 
100 |a Những nghiên cứu xã hội học về gia đình Việt Nam: T2 
245 0 |a Những nghiên cứu xã hội học về gia đình Việt Nam: T2 
245 0 |c Những nghiên cứu xã hội học về gia đình Việt Nam: T2, Tương Lai 
260 |a Hà Nội 
260 |b KHXH 
260 |c 1996 
520 |a Sách tuyển chọn các bài nghiên cứu về gia đình vài vai trò gia đình trong xã hội Việt Nam của 17 học giả xã hội học có tên tuổi. 
650 |a family - vietnam,social institutions 
980 |a Trung tâm Học liệu Trường Đại học Cần Thơ